The computer stretching book : a new mind and body exercise programme for all lerels of fitness

Bibliographic Details
Main Author: Tobias, Maxino
Format: Book
Published: London : Dorling Kindersley , 1992
Subjects:

MARC

LEADER 00000cam a2200000 7i4500
001 0000004820
002 000005196
005 20000330.0
020 |a 086318832X 
090 0 0 |a 613.7   |b TOB 
100 1 |a Tobias, Maxino 
245 1 4 |a The computer stretching book :   |b a new mind and body exercise programme for all lerels of fitness   |c Maxine tobias and John Patrick Sullivan 
260 |a London :   |b Dorling Kindersley ,   |c 1992 
300 |a 128p. ;   |c 28cm. 
650 0 0 |a Physical fitness 
999 |a 033475   |b BUKU   |c PINJAMAN   |e PERPUSTAKAAN KOMUNITI PETALING JAYA